[Event "Taastrup op"]
[Site "Taastrup"]
[Date "2000.02.11"]
[Round "8"]
[White "Jensen, Alexander Lindberg"]
[Black "Dalso, Svend"]
[Result "0-1"]
[WhiteElo "1257"]
[BlackElo "1406"]
[PlyCount "56"]
[EventDate "2000.01.21"]
[EventType "swiss"]
[EventRounds "9"]
[EventCountry "DEN"]
[SourceTitle "EXT 2023"]
[Source "ChessBase"]
[SourceDate "2022.10.05"]
[SourceVersion "1"]
[SourceVersionDate "2022.10.05"]
[SourceQuality "1"]

1. e4 b6 2. Nc3 Bb7 3. Bc4 e6 4. Nf3 Bb4 5. d3 d5 6. a3 Bxc3+ 7. bxc3 dxc4 8. 0-0 cxd3 9. cxd3 Nf6 10. Bg5 h6 11. Bh4 g5 12. Bg3 Nc6 13. e5 Nd5 14. Qd2 Qd7 15. Rfd1 0-0-0 16. h3 Rdf8 17. d4 f5 18. exf6 Nxf6 19. Rac1 Ne4 20. Qe3 Nxg3 21. fxg3 Ne7 22. g4 Nd5 23. Qd2 Nf4 24. Rf1 Bxf3 25. Rxf3 e5 26. Qc2 exd4 27. Qe4 Kb8 28. cxd4 Qxd4+ 0-1

[Event "Taastrup op"]
[Site "Taastrup"]
[Date "2000.01.23"]
[Round "3"]
[White "Dalso, Svend"]
[Black "Jacobsen, Jesper Howalt"]
[Result "1-0"]
[WhiteElo "1406"]
[BlackElo "1000"]
[PlyCount "47"]
[EventDate "2000.01.21"]
[EventType "swiss"]
[EventRounds "9"]
[EventCountry "DEN"]
[SourceTitle "EXT 2001"]
[Source "ChessBase"]
[SourceDate "2000.11.22"]
[SourceVersion "1"]
[SourceVersionDate "2000.11.22"]
[SourceQuality "1"]

1. b3 d5 2. Bb2 e6 3. e3 Nf6 4. Nf3 Be7 5. Be2 Bd7 6. 0-0 0-0 7. c4 a5 8. cxd5 Nxd5 9. Nc3 Nxc3 10. Bxc3 Nc6 11. Qc2 Bf6 12. d4 g6 13. Rac1 Qe7 14. Rfd1 Rfc8 15. a3 Nd8 16. Qd2 c6 17. a4 b6 18. Qb2 Be8 19. Nd2 Qc7 20. Ne4 Bg7 21. Qc2 Ra7 22. b4 axb4 23. Bxb4 Bf8 24. Nf6+ 1-0

[Event "Taastrup op"]
[Site "Taastrup"]
[Date "2000.01.22"]
[Round "2"]
[White "Korolev, Nikolaj"]
[Black "Dalso, Svend"]
[Result "1-0"]
[WhiteElo "1600"]
[BlackElo "1406"]
[PlyCount "27"]
[EventDate "2000.01.21"]
[EventType "swiss"]
[EventRounds "9"]
[EventCountry "DEN"]
[SourceTitle "EXT 2001"]
[Source "ChessBase"]
[SourceDate "2000.11.22"]
[SourceVersion "1"]
[SourceVersionDate "2000.11.22"]
[SourceQuality "1"]

1. e4 b6 2. d4 Bb7 3. Nc3 e6 4. g3 Nf6 5. Bg2 Bb4 6. Bg5 h6 7. Bxf6 Qxf6 8. e5 Qd8 9. Bxb7 c6 10. Bxa8 Qc7 11. Nge2 0-0 12. a3 Be7 13. Qd3 Na6 14. Qxa6 1-0